000 00689nam a2200241Ia 4500
003 OSt
005 20220925222644.0
006 a|||||r|||| 00| 0
007 ta
008 220923b |||||||| |||| 00| 0 eng d
020 _a0745318940
037 _cGeneral Book
040 _aRTL
_cRTL
_beng
041 _2eng
_aeng
082 _aX:3M24xM18, P3
100 _aSaad-Filho Alfredo
_931643
245 0 _aAnti-Capitalism
_ba marxist introduction
260 _aLondon
_bPluto Press
_c2003
300 _avi, 269p
_ccm.
650 _aEconomics Classes Karl Marx
_9230895
942 _hX:3M24xM18, P3
_cGB
_2CC
999 _c577499
_d577499